Le titre est dans les paroles - Zaho de Sagazan - Statistiques

Statistiques générales
  • Ce quiz a été pris 79 fois
  • Le résultat moyen est 9 sur 16
Statistiques - réponses
Réponse % Correct
Qui va là?{Tristesse}, vous ne m'aurez pas ce soir
97%
J'écouterais sous la pluie {la} {symphonie} {des} {éclairs}
93%
Je suis amoureuse de tous {les} {garçons}Et moi, je les trouve tous bien à leur façon
78%
Quelques {aspiration}s et la spirale commencePour de l'inspiration, madame caresse la démence
75%
Je t'aime, passionnémentTu m'aimes, {suffisamment} pour que je reste
58%
Gastrolâtres et gourmandsViendront dévaliser {La} {fontaine} {de} {sang}
57%
{Ô} {travers}, ô maniesJe vous mets en lumière
53%
Laisse-moi le temps et la chanceDe comprendre ton {langage}
52%
{Je} {rêve}, {Je} {rêve}, {Je} {rêve}Que tu es là avec moi
48%
{Mon} {corps}, j'examine tes bordsJe vois ton dehors que tes défauts
48%
Si je t'écris ce soir de {Vienne}J'aimerais bien que tu comprennes
47%
{Ne} {te} {regarde} {pas}{Ne} {te} {regarde} {pas} lâche-toi
45%
Quelle bonne idée de {parler} {l'amour}Parler d'amour
43%
Je t'aime encore{Est-ce} {que} {tu} {vas} {bien} ? Je t'aime encore {Est-ce} {que} {tu} {vas} {bien} ?
42%
Mais, {ah} {que} {la} {vie} {est} {belle}Soudain, elle éblouit
32%
Et toi, {la} {bonne} {étoile} autour de toutes ces figurantes
22%
Aucun quiz correspondant
Distribution des résultats
% des personnes avec chaque résultat
Percentile par nombre de réponses
Votre historique - résultats
Vous n’avez pas pris ce quiz